| 000 | 00565nam a22001337a 4500 | ||
|---|---|---|---|
| 040 | _cRUA | ||
| 082 | _aFOR CHO 2012 B141 Or.1 | ||
| 100 | _aCHOUTH TITSOPHEA | ||
| 245 | _aStudy on comparison of eucalyptus growing at royal university of agriculture compus between, សិក្សាប្រៀបធៀបការលូតលាស់ដំណុះ២០០៥-២០១២. | ||
| 260 |
_aPhnom Penh _bRUA _c2012 |
||
| 300 |
_ax; 42p. _bill. _c29cm. |
||
| 856 | _uhttps://drive.google.com/file/d/1-UMaQDmLKBXaeIYhh6kKmnrL9J7YoUrX/view?usp=sharing | ||
| 942 | _cFOR | ||
| 999 |
_c3461 _d3461 |
||